200 derniers mots de Harry Potter et la chambre des secrets - Statistiques

Statistiques générales
  • Ce quiz a été pris 515 fois
  • Le résultat moyen est 116 sur 200
Statistiques - réponses
Mots % Correct
à
98%
d'
97%
l'
96%
L'
96%
s'
96%
Le
95%
le
95%
de
93%
il
93%
et
91%
Harry
91%
Harry.
91%
la
91%
du
90%
j'
90%
Hermione.
89%
Hermione
89%
Ron
88%
Ron,
88%
se
88%
es
86%
les
86%
on
86%
tu
85%
Tu
85%
Je
84%
je
84%
ce
82%
des
82%
en
81%
ils
81%
Ils
81%
qu'
81%
dit
79%
dit-
79%
me
79%
que
78%
un
78%
ai
76%
au
76%
ton
75%
ne
74%
pour
74%
-Ta
74%
-Ca
73%
une
73%
pas,
72%
pas
72%
qui
72%
son
71%
été
70%
oncle
70%
tante
68%
as
65%
sur
63%
avec
60%
fait,
60%
avait
58%
train
58%
moi
57%
lui
54%
autre
53%
Dursley,
53%
quand
53%
Poudlard
52%
suis
52%
toi
52%
Dudley
51%
être
51%
eu
51%
si
51%
vont
50%
Express
47%
père
46%
appelle
45%
dernier,
44%
sauront
42%
vers
42%
Tous
41%
comment
40%
alors
39%
fiers
37%
-Fiers ?
37%
exclama
36%
tourna
36%
téléphone,
35%
non ?
34%
numéro
34%
deux
33%
folle ?
33%
Moldus.
33%
chez
32%
monde
29%
puis
29%
expliqué
28%
servir.
28%
descendaient
27%
encore
27%
marche
27%
parchemin
27%
parchemin,
27%
contraire :
26%
lieu
26%
chiffres
25%
mois
25%
mourir
25%
passer
25%
saura
25%
écrivant
24%
magique.
24%
magique
24%
furieux,
23%
plume
23%
seule
23%
plein
22%
arrêta.
21%
débrouillé
21%
morceaux
21%
aussi
20%
occasions
20%
prit
20%
survivre...
20%
barrière
19%
compagnie...
19%
tandis
19%
ensemble,
18%
profiter,
18%
George
17%
élèves
16%
ouvrait
16%
Appelez-
15%
ralentit,
14%
supporterai
14%
accord ?
13%
direction
13%
foule
13%
heureux
13%
franchirent
12%
suivaient
11%
venait
9%
anniversaire
8%
annoncer
7%
date
7%
avancée.
5%
-Certainement
5%
ricanant.
5%
semblait
5%
Aucun quiz correspondant
Distribution des résultats
% des personnes avec chaque résultat
Percentile par nombre de réponses
Votre historique - résultats
Vous n’avez pas pris ce quiz